Proteomics (Record no. 1208147)

MARC details
000 -LEADER
fixed length control field 00975nam a2200313Ia 4500
003 - CONTROL NUMBER IDENTIFIER
control field OSt
005 - DATE AND TIME OF LATEST TRANSACTION
control field 20221007120904.0
008 - FIXED-LENGTH DATA ELEMENTS--GENERAL INFORMATION
fixed length control field 221006b |||||||| |||| 00| 0 eng d
020 ## - INTERNATIONAL STANDARD BOOK NUMBER
International Standard Book Number 9781904842132 (pbk)
037 ## - SOURCE OF ACQUISITION
Terms of availability Textual
040 ## - CATALOGING SOURCE
Original cataloging agency BDL
Transcribing agency BDL
Language of cataloging eng
041 ## - LANGUAGE CODE
Source of code eng
Language code of text/sound track or separate title eng
100 ## - MAIN ENTRY--PERSONAL NAME
Personal name O'Connor C D Ed.
245 #0 - TITLE STATEMENT
Title Proteomics
Remainder of title Hames B D Ed.
260 ## - PUBLICATION, DISTRIBUTION, ETC.
Place of publication, distribution, etc. Oxfordshire
Name of publisher, distributor, etc. Scion Publishing Ltd
Date of publication, distribution, etc. 2008
300 ## - PHYSICAL DESCRIPTION
Extent xxxii, 256p.
Dimensions cm.
490 ## - SERIES STATEMENT
Series statement Methods express series
500 ## - GENERAL NOTE
General note Appendix 1, 245-247p.; Index 249-256p.
650 ## - SUBJECT ADDED ENTRY--TOPICAL TERM
Topical term or geographic name entry element Genetics
650 ## - SUBJECT ADDED ENTRY--TOPICAL TERM
Topical term or geographic name entry element Proteomics
9 (RLIN) 481323
650 ## - SUBJECT ADDED ENTRY--TOPICAL TERM
Topical term or geographic name entry element Chemistry
700 ## - ADDED ENTRY--PERSONAL NAME
Personal name Hames B D Ed.
942 ## - ADDED ENTRY ELEMENTS (KOHA)
Classification part E92Z2, P8 Carb
Koha item type Textual
Source of classification or shelving scheme Colon Classification (CC)
Holdings
Withdrawn status Lost status Source of classification or shelving scheme Damaged status Not for loan Home library Current library Date acquired Source of acquisition Cost, normal purchase price Total Checkouts Full call number Barcode Date last seen Cost, replacement price Price effective from Koha item type
    Colon Classification (CC)     Department of Botany Library Department of Botany Library 2022-10-07 55715, 14/03/2008, Heritage Publishers 995.00   E92Z2 P8 Carb BD0005205 2022-10-07 995.00 2022-10-07 Textual
Copyright @ Delhi University Library System